President of india (Record no. 241303)

MARC details
000 -LEADER
fixed length control field 02572nam a22002177a 4500
003 - CONTROL NUMBER IDENTIFIER
control field St Aloysius Coll
005 - DATE AND TIME OF LATEST TRANSACTION
control field 20260418145613.0
008 - FIXED-LENGTH DATA ELEMENTS--GENERAL INFORMATION
fixed length control field 260418b |||||||| |||| 00| 0 eng d
020 ## - INTERNATIONAL STANDARD BOOK NUMBER
International Standard Book Number 9788199031272
040 ## - CATALOGING SOURCE
Transcribing agency AL
041 ## - LANGUAGE CODE
Language code of text/sound track or separate title English
082 ## - DEWEY DECIMAL CLASSIFICATION NUMBER
Classification number 954.053
Item number HANP
100 ## - MAIN ENTRY--PERSONAL NAME
Personal name Basil Hans V
9 (RLIN) 262180
245 ## - TITLE STATEMENT
Title President of india
Remainder of title : draupadi murmu
260 ## - PUBLICATION, DISTRIBUTION, ETC.
Place of publication, distribution, etc. Ghaziabad
Name of publisher, distributor, etc. P&P Academy
Date of publication, distribution, etc. 2025
300 ## - PHYSICAL DESCRIPTION
Extent 143p.
Other physical details PB
Dimensions 21.7x14cm
365 ## - TRADE PRICE
Source of price type code General
520 ## - SUMMARY, ETC.
Summary, etc. Draupadi Murmu's ascent to the presidency of India marks a significant chapter in the nation's rich political history, as she embodies the aspirations and resilience of millions. Her story is one of perseverance and determination, reflecting the spirit of a diverse and dynamic democracy. Born into a humble family in a remote village, Murmu's journey to the highest constitutional office is a testament to her unwavering commitment to public service and socio-economic development. As the first woman from a tribal community to assume the presidency, Murmu's leadership symbolizes hope and empowerment for marginalized communities across the country. Her tenure is characterized by a deep understanding of the challenges faced by India's indigenous populations and a steadfast dedication to addressing their needs. Murmu's presidency is not only a personal achievement but also a beacon of representation and inclusion in a nation striving for equality and justice. [12:23 pm, 29/9/2025] Avil Dsouza: Throughout her illustrious career, Murmu has demonstrated a profound sense of duty and an unyielding resolve to uplift the underprivileged. Her work as a public servant has been marked by a focus on education, healthcare, and sustainable development, areas that are crucial to the progress of rural and tribal communities. Her ability to connect with people from all walks of life has earned her respect and admiration, making her an influential figure in Indian politics. Under Murmu's leadership, the presidency has become a platform for advocating social change and fostering unity. Her emphasis on dialogue and collaboration reflects her belief in the power of collective action to overcome societal challenges. As President of India, Murmu continues to inspire future generations, encouraging them to dream beyond their circumstances and strive for a better tomorrow. Her legacy will undoubtedly be remembered as a pivotal moment in India's journey towards a more inclusive and equitable society.
650 ## - SUBJECT ADDED ENTRY--TOPICAL TERM
Source of heading or term History & Geography
Topical term or geographic name entry element History of Asia
9 (RLIN) 262181
942 ## - ADDED ENTRY ELEMENTS (KOHA)
Source of classification or shelving scheme Dewey Decimal Classification
Koha item type Book
Holdings
Withdrawn status Lost status Source of classification or shelving scheme Damaged status Not for loan Collection code Home library Current library Date acquired Total Checkouts Full call number Barcode Date last seen Price effective from Koha item type
    Dewey Decimal Classification     General St Aloysius PG Library St Aloysius PG Library 04/16/2026   954.053 HANP PG025251 04/18/2026 04/18/2026 Book